000 00369nam a2200145Ia 4500
008 191201s2002 xx 000 0 und d
082 _a621.384135
_bCHA
100 _aCHATTERJEE, Rajeshwari
245 0 _aAntenna Theory and Practice
250 _a2nd
260 _aN.Delhi
_bNewage International Pub
_c2002
300 _a381
650 _aB.Tech(ECE)
942 _2ddc
_cBK
999 _c1355
_d1355